00978nam a2200229 a 4500001001000000003000500010005001700015008004100032010001100073011001100084040000900095100004300104245019500147260004100342500006000383502009500443650004100538650003400579650002700613650003800640856007000678000115993CHAP20220329144556.0190827s2019 mx a sm |||||||spa d a112454 a113426 cCHAP1 aHernández Jiménez, Miguel Ángel.10aComportamiento productivo y óptimos económicos en corderos hampshire alimentados con niveles crecientes con pulpa de cítricos /h[En línea]cpor Miguel Ángel Hernández Jiménez. aChapingo, Méx. :bEl autor,c2019. aPara ver el contenido del material haga clic en la liga aTesis (Ing. en Sistemas Pecuarios) -- UACH. Unidad Regional Universitaria de Zona Áridas14aCítricos en alimentación animal.14aGanado lanarxAlimentación.14aGanado lanarxEngorda.14aPulpa de cítricos como forraje. aFinding aiduhttp://10.13.5.2/tesis/sist115993.pdfzTeclea aquí